Statistics for North American Mammal-Named Teams

Click here to take the quiz!

General Stats

  • This quiz has been taken 82 times
  • The average score is 11 of 18

Answer Stats

HintAnswer% Correct
Bears
85%
Lions
84%
Panthers
75%
Panthers
75%
Bulls
73%
Tigers
73%
Dolphins
69%
Jaguars
64%
Broncos
63%
Grizzlies
58%
Rams
58%
Bengals
57%
Timberwolves
57%
Cubs
51%
Colts
49%
Coyotes
46%
Bucks
45%
Bruins
40%

Score Distribution

Percentile by Number Answered

Percent of People with Each Score

Your Score History

You have not taken this quiz